LEADER 01104nam a2200277 i 4500 001 991002121019707536 005 20250502123129.0 008 010514s1984 it ||| | ita 035 $ab10962335-39ule_inst 035 $aPARLA154866$9ExL 040 $aDip.to Filosofia$bita 082 0 $a599.8045 100 1 $aHinde, Robert A.$072852 245 13$aLe basi biologiche del comportamento sociale umano :$bstudiare gli animali per comprendere l'uomo /$cRobert A. Hinde 264 1$aBologna :$bZanichelli,$c1984 300 $aVIII, 416 p. :$bill. ;$c22 cm 490 0 $aSerie di psicologia ;$v6 500 $aTrad. di Alfredo Suvero, rev. di Danilo Mainardi 500 $aTit. orig.: Biological bases of human social behaviour 650 4$aPrimati - Comportamento 907 $a.b10962335$b23-02-17$c28-06-02 912 $a991002121019707536 945 $aLE005IF XXX H 37$g1$i2009000400979$lle005$o-$pE0.00$q-$rl$s-$t0$u3$v2$w3$x0$y.i11071898$z28-06-02 996 $aBasi biologiche del comportamento sociale umano$9819902 997 $aUNISALENTO 998 $ale005$b01-01-01$cm$da$e-$fita$git$h3$i1 LEADER 01701oas 22006373a 450 001 9910895783003321 005 20260218113043.0 011 $a2152-2219 035 $a(DE-599)ZDB2651817-X 035 $a(OCoLC)471766837 035 $a(CONSER) 2009203994 035 $a(CKB)1000000000808484 035 $a(DE-599)2651817-X 035 $a(EXLCZ)991000000000808484 100 $a20091201a20099999 sy a 101 0 $aeng 135 $aur||||||||||| 181 $ctxt$2rdacontent 182 $cc$2rdamedia 183 $acr$2rdacarrier 200 00$aJournal of environmental protection 210 $aIrvine, Calif. $cScientific Research Pub 300 $aRefereed/Peer-reviewed 311 08$a2152-2197 517 1 $aJEP 531 0 $aJ. environ. prot . 606 $aEnvironmental protection$vPeriodicals 606 $aEnvironnement$xProtection 606 $aenvironmental protection$2aat 606 $aEnvironmental protection$2fast$3(OCoLC)fst00913324 606 $aEnvironmental issues$2galestne 608 $aPeriodicals.$2fast 615 0$aEnvironmental protection 615 6$aEnvironnement$xProtection. 615 7$aenvironmental protection. 615 7$aEnvironmental protection. 615 7$aEnvironmental issues. 676 $a616.9 801 0$bDLC 801 1$bDLC 801 2$bDLC 801 2$bOCLCQ 801 2$bRDF 801 2$bOCLCO 801 2$bOCLCF 801 2$bVT2 801 2$bOCLCQ 801 2$bOCLCL 801 2$bCCT 801 2$bUAB 801 2$bUHL 801 2$bOCLCQ 906 $aJOURNAL 912 $a9910895783003321 996 $aJournal of environmental protection$94251725 997 $aUNINA